| 000 | 00948nam a22002535i 4500 | ||
|---|---|---|---|
| 001 | 166568 | ||
| 003 | ES-MaACL | ||
| 005 | 20250815062652.0 | ||
| 008 | 031024q18901900sp |||| | spa d | ||
| 040 |
_aCYL _bspa _cCYL |
||
| 100 | 1 |
_aTougan-Baranowski. _9133351 |
|
| 245 | 1 | 4 |
_aLas crisis industriales en Inglaterra / _cpor Tougan-Baranowski ; traducción por J. Moreno Barutell. |
| 260 |
_aMadrid : _bLa España Moderna, _c[s.a.] |
||
| 300 |
_a489 p. ; _c23 cm. |
||
| 490 | 1 | _aBiblioteca de jurisprudencia, filosofía e historia | |
| 596 | _aFecha aproximada por otros ejemplares de la colección. La España Moderna ejerce ca. 1890-1900. | ||
| 651 | 0 | 4 |
_aGran Bretaña- _xHistoria. _98752 |
| 700 | 1 |
_aMoreno Barutell, J. _983330 |
|
| 752 |
_aEspaña - _dMadrid |
||
| 830 | 0 | 0 |
_aBiblioteca de jurisprudencia, filosofía e historia _9180691 |
| 852 |
_aES-MaACL _jF-14873 _z-- Enc. hol. |
||
| 999 |
_c166568 _d166568 |
||